00328pab a2200121 454500008004000000100002300040245005000063260000900113300000900122362001400131650001800145773004300163180718b1987 xxu||||| |||| 00| 0 eng d aKabra, Kamal Nayan aNationalisation of the Imperial Bank of India c1987 a1-24 aJan.-Mar. aBanks - India aJournal of Social and Economic Studies